Manolo Valdés (Record no. 9770)

MARC details
000 - LÍDER
campo de control de longitud fija 00794nam a2200217Ia 4500
008 - ELEMENTOS DE DATOS DE LONGITUD FIJA - INFORMACIÓN GENERAL
campo de control de longitud fija 0000002008 ve a 0000000000spa00
020 ## - INTERNATIONAL STANDARD BOOK NUMBER
International Standard Book Number 9789806904088
090 ## - NÚMERO DE LLAMADA DE TIPO LC LOCALMENTE ASIGNADO (OCLC)
Número de clasificación (OCLC) (R) PSP00 V14m
100 1# - ENTRADA PRINCIPAL - NOMBRE PERSONAL
Nombre de la persona Valdés, Manolo
Fechas asociadas a un nombre 1942
245 10 - TÍTULO DECLARACIÓN
Título Manolo Valdés
Resto del título : esculturas y pinturas
Declaración de responsabilidad / traducción Mercedes Alonso
260 ## - PUBLICACIÓN, DISTRIBUCIÓN
Lugar de publicación Caracas : Galería Freites
Fecha de publicación 2008
300 ## - DESCRIPCIÓN FÍSICA
Alcance 130 p .
Dimensiones / 29 cm.
500 ## - NOTA GENERAL
Nota general Exposición realizada en Galería Freites, Caracas, Abril 6 Mayo 25, 2008 \ Registro auspiciado por la FGAA. Bogotá
600 00 - ENTRADA DE SUJETO AÑADIDO - NOMBRE PERSONAL
Nombre de la persona VALDES, MANOLO, 1942/
Subdivisión general TRABAJOS ARTISTICOS
650 14 - ENTRADA DE SUJETO AÑADIDO - TÉRMINO TÓPICO
Término tópico o elemento de entrada del nombre geográfico ARTE CONTEMPORANEO ESPAÑOL
650 14 - ENTRADA DE SUJETO AÑADIDO - TÉRMINO TÓPICO
Subdivisión general CATALOGOS
650 14 - ENTRADA DE SUJETO AÑADIDO - TÉRMINO TÓPICO
Término tópico o elemento de entrada del nombre geográfico ESCULTURA ESPAÑOLA
650 14 - ENTRADA DE SUJETO AÑADIDO - TÉRMINO TÓPICO
Subdivisión general EXPOSICIONES
650 14 - ENTRADA DE SUJETO AÑADIDO - TÉRMINO TÓPICO
Término tópico o elemento de entrada del nombre geográfico PINTURA ESPAÑOLA
700 1# - ENTRADA AGREGADA - NOMBRE PERSONAL
Nombre de la persona Alonso, Mercedes, tr.
Holdings
Estado de retirada Pérdida de estatus Estado dañado No para préstamo Código de recogida Ubicación permanente Ubicación actual Ubicación de las estanterías Fecha de adquisición Número de llamada completo Código de barras Fecha de la última vez que se vio Número de copia Precio efectivo desde Tipo de artículo Koha
        General ArtNexus ArtNexus General 06/09/2022 P-SP-00 V14M 9789 06/09/2022 Ej.1 06/09/2022 Libro

Powered by Koha